Statistics for Major Cities by Urban Agglomeration #1

Click here to take the quiz!

General Stats

  • This quiz has been taken 41 times
  • The average score is 10 of 12

Answer Stats

Name of RegionSecondary SettlementsAnswer% Correct
Tri-State AreaNewark, Bridgeport, New HavenNew York
100%
Greater ______ AreaOrange Country, San Bernardino, VenturaLos Angeles
97%
Taiheiyō BeltOsaka, Nagoya, KyotoTokyo
95%
Jing-Jin-Ji (JJJ)Tianjin, Shijiazhuang, BaodingBeijing
92%
Flemish DiamondGhent, Antwerp, LeuvenBrussels
92%
South East QueenslandGold Coast, Ipswich, New South WalesBrisbane
89%
Rhine-MainWiesbaden, Mainz, DarmstadtFrankfurt
87%
Valley of the SunScottsdale, Glendale, PeoriaPhoenix
76%
Golden HorseshoeMississauga, Brampton, HamiltonToronto
74%
Klang ValleyKlang, Subang Jaya, Petaling JayaKuala Lumpur
61%
Gush DanRishon LeZion, Petah Tikvah, AshdodTel Aviv
58%
TshwaneSoshanguve, Mamelodi, CenturionPretoria
29%

Score Distribution

Percentile by Number Answered

Percent of People with Each Score

Your Score History

You have not taken this quiz